Dedini: A Life of Cartoons (Record no. 333131)
[ view plain ]
| 000 -LEADER | |
|---|---|
| fixed length control field | 00505nam a2200097Ia 4500 |
| 008 - FIXED-LENGTH DATA ELEMENTS--GENERAL INFORMATION | |
| fixed length control field | 170517s9999 xx 000 0 und d |
| 245 ## - TITLE STATEMENT | |
| Title | Dedini: A Life of Cartoons |
| 300 ## - PHYSICAL DESCRIPTION | |
| Extent | This documentary film explores the life and art of one of America's greatest cartoonists, Eldon Dedini. Dedini's work has appeared in the New Yorker, Esquire, and Colliers, but he is best known for his full-page color Playboy cartoons. Eldon,... |
| 650 ## - SUBJECT ADDED ENTRY--TOPICAL TERM | |
| General subdivision | Art. |
| 856 ## - ELECTRONIC LOCATION AND ACCESS | |
| Uniform Resource Identifier | <a href="http://topdocumentaryfilms.com/dedini-life-cartoons/">http://topdocumentaryfilms.com/dedini-life-cartoons/</a> |
| Withdrawn status | Lost status | Damaged status | Home library | Current library | Date acquired | Total Checkouts | Date last seen | Price effective from | Koha item type |
|---|---|---|---|---|---|---|---|---|---|
| College Library | College Library | 05/17/2017 | 05/17/2017 | 05/17/2017 | Documentary Films |